| 000 | 00781nam a2200253 a 4500 | ||
|---|---|---|---|
| 001 | 69109 | ||
| 003 | BD-RjUL | ||
| 005 | 20211209081841.0 | ||
| 008 | 170410s1960 njua 001 0 eng d | ||
| 035 | _a(BD-RjUL)69320 | ||
| 040 |
_aDLC/ICU _cICU _dDLC _d(BD-RjUL) _beng |
||
| 041 | _aeng | ||
| 082 | 0 | 0 |
_a541 _223 _bELE1960 |
| 100 | 1 |
_aGlasstone, Samuel, _d1897-1986. _9116690 |
|
| 245 | 1 | 0 |
_aElements of physical chemistry / _cby Samuel Glasstone and David Lewis. |
| 250 | _a2d ed. | ||
| 260 |
_aPrinceton, N.J., _bVan Nostrand _c1960 |
||
| 300 |
_a600 p.: _bill. ; _c24 cm. |
||
| 500 | _aIncludes Index | ||
| 650 | 0 |
_aChemistry, Physical and theoretical. _9204732 |
|
| 700 | 1 |
_aLewis, David, _d1903-1975, _ejoint author. _9204733 |
|
| 942 |
_2ddc _cBK |
||
| 999 |
_c69109 _d69109 |
||